[Event "European Individual Chess Championship 2017"]
[Site "?"]
[Date "2017.06.09"]
[Round "10.48"]
[White "Hracek, Zbynek"]
[Black "Sanikidze, Tornike"]
[Result "1-0"]
[BlackElo "2518"]
[WhiteElo "2612"]
[LiveChessVersion "1.4.8"]

1. e4 {[%clk 1:30:58]} e5 {[%clk 1:26:09]} 2. Nf3 {[%clk 1:31:20]} Nc6
{[%clk 1:26:31]} 3. Bb5 {[%clk 1:31:30]} a6 {[%clk 1:26:53]} 4. Ba4
{[%clk 1:31:56]} Nf6 {[%clk 1:27:15]} 5. O-O {[%clk 1:32:19]} Be7
{[%clk 1:27:35]} 6. Re1 {[%clk 1:32:43]} b5 {[%clk 1:27:59]} 7. Bb3
{[%clk 1:33:10]} d6 {[%clk 1:28:21]} 8. c3 {[%clk 1:33:33]} O-O {[%clk 1:28:26]}
9. h3 {[%clk 1:33:56]} Bb7 {[%clk 1:28:51]} 10. d4 {[%clk 1:34:19]} Re8
{[%clk 1:29:15]} 11. Nbd2 {[%clk 1:34:34]} Bf8 {[%clk 1:29:39]} 12. a3
{[%clk 1:34:41]} g6 {[%clk 1:28:43]} 13. Ba2 {[%clk 1:34:38]} Bg7
{[%clk 1:25:56]} 14. b4 {[%clk 1:33:22]} exd4 {[%clk 1:25:58]} 15. cxd4
{[%clk 1:33:49]} a5 {[%clk 1:26:23]} 16. d5 {[%clk 1:33:08]} Ne5 {[%clk 1:13:22]}
17. Nxe5 {[%clk 1:31:47]} Rxe5 {[%clk 1:13:03]} 18. Bb2 {[%clk 1:20:44]} Re8
{[%clk 1:02:13]} 19. bxa5 {[%clk 1:05:31]} Rxa5 {[%clk 0:58:39]} 20. Qb3
{[%clk 0:58:14]} Qd7 {[%clk 0:54:30]} 21. Bc3 {[%clk 0:53:59]} Ra4
{[%clk 0:33:38]} 22. Qb2 {[%clk 0:51:49]} Nh5 {[%clk 0:33:48]} 23. Bxg7
{[%clk 0:51:12]} Nxg7 {[%clk 0:34:14]} 24. Bb3 {[%clk 0:43:15]} Ra6
{[%clk 0:29:24]} 25. Nf3 {[%clk 0:36:01]} c5 {[%clk 0:29:41]} 26. dxc6
{[%clk 0:36:14]} Bxc6 {[%clk 0:30:08]} 27. Rad1 {[%clk 0:33:22]} Qe7
{[%clk 0:16:16]} 28. Bd5 {[%clk 0:24:55]} Qb7 {[%clk 0:06:54]} 29. Bxc6
{[%clk 0:16:14]} Rxc6 {[%clk 0:07:10]} 30. e5 {[%clk 0:16:20]} dxe5
{[%clk 0:00:46]} 31. Rxe5 {[%clk 0:16:07]} Rb8 {[%clk 0:00:55]} 32. Red5
{[%clk 0:15:26]} Ne8 {[%clk 0:00:33]} 33. Ne5 {[%clk 0:14:58]} Rc7
{[%clk 0:00:37]} 34. Nd7 {[%clk 0:11:49]} Rbc8 {[%clk 0:01:06]} 35. Qb4
{[%clk 0:12:03]} h5 {[%clk 0:00:32]} 36. Qf8+ {[%clk 0:12:18]} Kh7
{[%clk 0:00:59]} 37. Qxf7+ {[%clk 0:11:57]} Kh6 {[%clk 0:00:47]} 38. g4
{[%clk 0:08:11]} hxg4 {[%clk 0:00:53]} 39. hxg4 {[%clk 0:08:36]} Ng7
{[%clk 0:00:34]} 40. g5+ {[%clk 0:38:33]} 1-0

[Event "European Individual Chess Championship 2017"]
[Site "?"]
[Date "2017.06.09"]
[Round "10.49"]
[White "Shomoev, Anton"]
[Black "Alekseev, Evgeny"]
[Result "1/2-1/2"]
[BlackElo "2610"]
[WhiteElo "2550"]
[LiveChessVersion "1.4.8"]

1. e4 {[%clk 1:30:48]} e5 {[%clk 1:24:36]} 2. Nf3 {[%clk 1:31:12]} Nc6
{[%clk 1:24:40]} 3. Bb5 {[%clk 1:31:37]} a6 {[%clk 1:24:37]} 4. Ba4
{[%clk 1:32:03]} Nf6 {[%clk 1:24:42]} 5. O-O {[%clk 1:32:28]} Be7
{[%clk 1:24:43]} 6. d3 {[%clk 1:32:45]} d6 {[%clk 1:23:20]} 7. c3
{[%clk 1:32:50]} O-O {[%clk 1:22:58]} 8. Re1 {[%clk 1:33:16]} Re8
{[%clk 1:16:59]} 9. Nbd2 {[%clk 1:33:32]} Bf8 {[%clk 1:14:32]} 10. Nf1
{[%clk 1:33:54]} h6 {[%clk 1:14:23]} 11. Ng3 {[%clk 1:33:57]} b5 {[%clk 1:13:05]}
12. Bc2 {[%clk 1:34:20]} d5 {[%clk 1:05:56]} 13. exd5 {[%clk 1:32:28]} Qxd5
{[%clk 1:04:40]} 14. d4 {[%clk 1:30:15]} Bg4 {[%clk 1:01:49]} 15. Bb3
{[%clk 1:29:58]} Qd6 {[%clk 0:39:31]} 16. h3 {[%clk 1:30:10]} Bxf3
{[%clk 0:36:27]} 17. Qxf3 {[%clk 1:30:33]} exd4 {[%clk 0:36:25]} 18. Bf4
{[%clk 1:30:34]} Qd7 {[%clk 0:34:53]} 19. Bxh6 {[%clk 1:30:54]} Na5
{[%clk 0:25:38]} 20. Bg5 {[%clk 1:10:39]} Nh7 {[%clk 0:18:02]} 21. Bf4
{[%clk 0:46:55]} Nxb3 {[%clk 0:16:55]} 22. axb3 {[%clk 0:47:20]} dxc3
{[%clk 0:16:54]} 23. bxc3 {[%clk 0:47:38]} Rxe1+ {[%clk 0:16:20]} 24. Rxe1
{[%clk 0:48:05]} c6 {[%clk 0:16:42]} 25. b4 {[%clk 0:35:07]} a5 {[%clk 0:16:40]}
26. bxa5 {[%clk 0:35:32]} Rxa5 {[%clk 0:17:03]} 27. Rd1 {[%clk 0:35:07]} Qe8
{[%clk 0:07:23]} 28. Bd6 {[%clk 0:32:48]} Ra7 {[%clk 0:06:13]} 29. Nf5
{[%clk 0:28:47]} Rd7 {[%clk 0:06:23]} 30. Bxf8 {[%clk 0:26:40]} Rxd1+
{[%clk 0:03:44]} 31. Qxd1 {[%clk 0:27:06]} Nxf8 {[%clk 0:04:07]} 32. Qd4
{[%clk 0:16:54]} Qe1+ {[%clk 0:04:09]} 33. Kh2 {[%clk 0:17:20]} Ne6
{[%clk 0:04:20]} 34. Ne7+ {[%clk 0:17:37]} Kf8 {[%clk 0:04:33]} 35. Qd6
{[%clk 0:18:05]} Qxf2 {[%clk 0:04:19]} 36. Nxc6+ {[%clk 0:18:24]} 1/2-1/2

[Event "European Individual Chess Championship 2017"]
[Site "?"]
[Date "2017.06.09"]
[Round "10.50"]
[White "Forcen Esteban, Daniel"]
[Black "Rozum, Ivan"]
[Result "1/2-1/2"]
[BlackElo "2606"]
[WhiteElo "2545"]
[LiveChessVersion "1.4.8"]

1. e4 {[%clk 1:30:56]} c6 {[%clk 1:30:40]} 2. Nc3 {[%clk 1:31:09]} d5
{[%clk 1:31:03]} 3. Nf3 {[%clk 1:31:34]} Bg4 {[%clk 1:31:17]} 4. h3
{[%clk 1:31:58]} Bxf3 {[%clk 1:31:40]} 5. Qxf3 {[%clk 1:32:23]} Nf6
{[%clk 1:31:30]} 6. d3 {[%clk 1:32:47]} e6 {[%clk 1:31:53]} 7. Bd2
{[%clk 1:32:03]} Nbd7 {[%clk 1:28:56]} 8. O-O-O {[%clk 1:27:59]} Bd6
{[%clk 1:19:34]} 9. g4 {[%clk 1:26:20]} Ne5 {[%clk 1:12:51]} 10. Qg2
{[%clk 1:11:38]} Ng6 {[%clk 1:12:53]} 11. h4 {[%clk 1:09:37]} Qc7
{[%clk 1:02:21]} 12. g5 {[%clk 1:05:55]} Nd7 {[%clk 0:58:43]} 13. exd5
{[%clk 0:58:13]} exd5 {[%clk 0:45:30]} 14. Re1+ {[%clk 0:57:32]} Ne7
{[%clk 0:45:49]} 15. Qf3 {[%clk 0:55:14]} Ne5 {[%clk 0:42:39]} 16. Qh3
{[%clk 0:53:25]} Qd7 {[%clk 0:37:08]} 17. d4 {[%clk 0:48:21]} Qxh3
{[%clk 0:34:46]} 18. Rxh3 {[%clk 0:47:45]} N5g6 {[%clk 0:29:12]} 19. Ne2
{[%clk 0:45:05]} h5 {[%clk 0:18:49]} 20. gxh6 {[%clk 0:43:54]} gxh6
{[%clk 0:19:17]} 21. h5 {[%clk 0:44:17]} Nf8 {[%clk 0:19:45]} 22. Rf3
{[%clk 0:38:06]} Ne6 {[%clk 0:17:12]} 23. Ng3 {[%clk 0:37:12]} Nxd4
{[%clk 0:11:09]} 24. Rf6 {[%clk 0:36:38]} Rd8 {[%clk 0:09:05]} 25. Bc3
{[%clk 0:30:36]} c5 {[%clk 0:07:35]} 26. b4 {[%clk 0:26:09]} b6 {[%clk 0:07:20]}
27. bxc5 {[%clk 0:24:08]} bxc5 {[%clk 0:07:49]} 28. Ba5 {[%clk 0:24:29]} Rd7
{[%clk 0:07:50]} 29. Bh3 {[%clk 0:17:11]} Ne6 {[%clk 0:08:09]} 30. Bxe6
{[%clk 0:17:36]} fxe6 {[%clk 0:08:37]} 31. Rexe6 {[%clk 0:17:58]} Bc7
{[%clk 0:07:41]} 32. Bxc7 {[%clk 0:14:44]} Rxc7 {[%clk 0:08:08]} 33. Nf5
{[%clk 0:15:08]} Kd8 {[%clk 0:03:43]} 34. Nxh6 {[%clk 0:14:00]} Kc8
{[%clk 0:03:39]} 35. a4 {[%clk 0:14:06]} d4 {[%clk 0:03:12]} 36. a5
{[%clk 0:12:34]} c4 {[%clk 0:01:39]} 37. Rf4 {[%clk 0:10:06]} d3 {[%clk 0:01:48]}
38. Rd6 {[%clk 0:09:10]} Rc5 {[%clk 0:01:09]} 39. a6 {[%clk 0:08:54]} dxc2
{[%clk 0:01:05]} 40. Rf7 {[%clk 0:34:09]} Rxh5 {[%clk 0:30:39]} 41. Ng4
{[%clk 0:32:08]} R8h7 {[%clk 0:24:48]} 42. Rf4 {[%clk 0:28:18]} Rc5
{[%clk 0:24:16]} 43. Ne3 {[%clk 0:19:28]} Kc7 {[%clk 0:21:20]} 44. Rff6
{[%clk 0:18:13]} Rh2 {[%clk 0:15:05]} 45. Rde6 {[%clk 0:15:46]} Nc6
{[%clk 0:11:02]} 46. Rf7+ {[%clk 0:15:23]} Kb6 {[%clk 0:11:14]} 47. Kxc2
{[%clk 0:12:30]} Kxa6 {[%clk 0:10:18]} 48. Kc3 {[%clk 0:12:02]} Rh1
{[%clk 0:08:37]} 49. Nc2 {[%clk 0:10:38]} Kb5 {[%clk 0:07:12]} 50. Nd4+
{[%clk 0:06:59]} Nxd4 {[%clk 0:07:16]} 51. Rb7+ {[%clk 0:07:24]} Ka5
{[%clk 0:06:15]} 52. Rxa7+ {[%clk 0:06:32]} Kb5 {[%clk 0:06:42]} 53. Rb7+
{[%clk 0:06:57]} Ka5 {[%clk 0:07:09]} 54. Kxd4 {[%clk 0:05:32]} Rb5
{[%clk 0:06:14]} 55. Rc7 {[%clk 0:03:38]} Rh4+ {[%clk 0:05:42]} 56. Kc3
{[%clk 0:03:59]} Rb3+ {[%clk 0:05:38]} 57. Kc2 {[%clk 0:03:18]} Rf3
{[%clk 0:05:44]} 58. Re2 {[%clk 0:02:34]} Rhf4 {[%clk 0:05:19]} 59. Rb7
{[%clk 0:02:46]} Rxf2 {[%clk 0:04:58]} 60. Rxf2 1/2-1/2

[Event "European Individual Chess Championship 2017"]
[Site "?"]
[Date "2017.06.09"]
[Round "10.51"]
[White "Oparin, Grigoriy"]
[Black "Ali Marandi, Cemil Can"]
[Result "1/2-1/2"]
[BlackElo "2479"]
[WhiteElo "2604"]
[LiveChessVersion "1.4.8"]

1. e4 {[%clk 1:30:58]} e5 {[%clk 1:30:53]} 2. Nf3 {[%clk 1:31:23]} Nc6
{[%clk 1:31:16]} 3. Bc4 {[%clk 1:31:49]} Bc5 {[%clk 1:31:39]} 4. c3
{[%clk 1:32:14]} Nf6 {[%clk 1:32:02]} 5. d3 {[%clk 1:32:40]} a6 {[%clk 1:32:28]}
6. O-O {[%clk 1:32:28]} d6 {[%clk 1:32:52]} 7. a4 {[%clk 1:32:46]} O-O
{[%clk 1:32:27]} 8. h3 {[%clk 1:31:51]} h6 {[%clk 1:32:37]} 9. Re1
{[%clk 1:31:57]} Re8 {[%clk 1:32:15]} 10. Nbd2 {[%clk 1:14:06]} Ba7
{[%clk 1:29:33]} 11. Bb3 {[%clk 1:04:44]} Be6 {[%clk 1:29:32]} 12. Bc2
{[%clk 1:04:23]} Qd7 {[%clk 1:26:41]} 13. Nf1 {[%clk 1:04:02]} d5
{[%clk 1:26:28]} 14. Qe2 {[%clk 0:56:18]} Rad8 {[%clk 1:23:05]} 15. a5
{[%clk 0:53:31]} Qd6 {[%clk 1:11:56]} 16. Ng3 {[%clk 0:49:15]} Ne7
{[%clk 1:05:38]} 17. exd5 {[%clk 0:40:11]} Bxd5 {[%clk 1:05:28]} 18. Nxe5
{[%clk 0:34:07]} Nc6 {[%clk 1:00:58]} 19. Bf4 {[%clk 0:28:49]} Bxg2
{[%clk 0:56:00]} 20. Kxg2 {[%clk 0:23:41]} Nd5 {[%clk 0:55:41]} 21. Qe4
{[%clk 0:22:26]} Nxf4+ {[%clk 0:55:53]} 22. Qxf4 {[%clk 0:22:53]} Nxe5
{[%clk 0:54:47]} 23. d4 {[%clk 0:20:05]} Qc6+ {[%clk 0:49:42]} 24. f3
{[%clk 0:17:16]} Ng6 {[%clk 0:47:35]} 25. Bxg6 {[%clk 0:17:09]} Qxg6
{[%clk 0:46:23]} 26. Qf5 {[%clk 0:17:21]} Qxf5 {[%clk 0:42:13]} 27. Nxf5
{[%clk 0:17:46]} Re6 {[%clk 0:27:43]} 28. b4 {[%clk 0:16:05]} Rde8
{[%clk 0:25:23]} 29. Rxe6 {[%clk 0:16:24]} Rxe6 {[%clk 0:25:38]} 30. Kf2
{[%clk 0:16:39]} Kf8 {[%clk 0:24:49]} 31. Ng3 {[%clk 0:12:57]} c6
{[%clk 0:23:04]} 32. Ne4 {[%clk 0:11:38]} f5 {[%clk 0:22:57]} 33. Nc5
{[%clk 0:10:39]} Re7 {[%clk 0:20:17]} 34. Re1 {[%clk 0:04:23]} Bxc5
{[%clk 0:20:12]} 35. bxc5 {[%clk 0:04:49]} Rxe1 {[%clk 0:16:41]} 36. Kxe1
{[%clk 0:05:16]} g5 {[%clk 0:15:58]} 37. h4 {[%clk 0:04:33]} Kf7 {[%clk 0:15:02]}
38. c4 {[%clk 0:04:51]} Ke6 {[%clk 0:13:37]} 39. Ke2 {[%clk 0:04:38]} Kf6
{[%clk 0:13:31]} 40. Ke3 {[%clk 0:33:34]} Ke6 {[%clk 0:42:17]} 41. Kd3
{[%clk 0:29:42]} Kf6 {[%clk 0:42:21]} 42. d5 {[%clk 0:24:12]} Kf7
{[%clk 0:36:49]} 43. Ke3 {[%clk 0:21:25]} Ke7 {[%clk 0:35:54]} 44. Kd4
{[%clk 0:09:27]} Kf6 {[%clk 0:35:53]} 45. h5 {[%clk 0:09:40]} f4 {[%clk 0:35:01]}
1/2-1/2

[Event "European Individual Chess Championship 2017"]
[Site "?"]
[Date "2017.06.09"]
[Round "10.52"]
[White "Gledura, Benjamin"]
[Black "Hamitevici, Vladimir"]
[Result "1/2-1/2"]
[BlackElo "2487"]
[WhiteElo "2602"]
[LiveChessVersion "1.4.8"]

1. d4 {[%clk 1:30:21]} Nf6 {[%clk 1:28:45]} 2. Nf3 {[%clk 1:30:33]} b6
{[%clk 1:28:02]} 3. g3 {[%clk 1:29:58]} Bb7 {[%clk 1:28:23]} 4. Bg2
{[%clk 1:30:20]} g6 {[%clk 1:23:14]} 5. c4 {[%clk 1:29:31]} Bg7 {[%clk 1:23:38]}
6. O-O {[%clk 1:29:56]} O-O {[%clk 1:24:03]} 7. Qc2 {[%clk 1:25:45]} c5
{[%clk 1:24:08]} 8. d5 {[%clk 1:24:31]} b5 {[%clk 1:24:32]} 9. e4
{[%clk 1:18:29]} bxc4 {[%clk 1:21:33]} 10. Nc3 {[%clk 1:17:23]} e6
{[%clk 1:20:37]} 11. Nd2 {[%clk 1:07:17]} exd5 {[%clk 1:18:36]} 12. exd5
{[%clk 1:06:08]} Na6 {[%clk 1:17:20]} 13. a3 {[%clk 1:05:26]} d6 {[%clk 1:15:20]}
14. Nxc4 {[%clk 1:05:26]} Nc7 {[%clk 1:15:44]} 15. Na5 {[%clk 0:50:59]} Ba6
{[%clk 1:15:05]} 16. Re1 {[%clk 0:45:40]} Nb5 {[%clk 1:01:29]} 17. Nc6
{[%clk 0:43:06]} Nd4 {[%clk 1:01:18]} 18. Qa4 {[%clk 0:42:46]} Qb6
{[%clk 1:01:43]} 19. Bf4 {[%clk 0:38:00]} Bd3 {[%clk 0:51:30]} 20. Bxd6
{[%clk 0:30:17]} Ng4 {[%clk 0:48:36]} 21. Bxf8 {[%clk 0:23:22]} Rxf8
{[%clk 0:41:14]} 22. Ra2 {[%clk 0:20:12]} Nxc6 {[%clk 0:25:06]} 23. Qxg4
{[%clk 0:19:52]} Ne5 {[%clk 0:24:51]} 24. Qd1 {[%clk 0:13:29]} Bc4
{[%clk 0:23:58]} 25. Ra1 {[%clk 0:12:25]} Nd3 {[%clk 0:19:43]} 26. Qc2
{[%clk 0:08:13]} Nxe1 {[%clk 0:07:33]} 27. Rxe1 {[%clk 0:08:37]} Rb8
{[%clk 0:07:56]} 28. Na4 {[%clk 0:06:58]} Qb5 {[%clk 0:06:14]} 29. Bf1
{[%clk 0:07:00]} Bxf1 {[%clk 0:06:34]} 30. Rxf1 {[%clk 0:07:29]} Bd4
{[%clk 0:06:55]} 31. Re1 {[%clk 0:05:56]} Kf8 {[%clk 0:03:46]} 32. d6
{[%clk 0:04:04]} Rd8 {[%clk 0:03:37]} 33. Nc3 {[%clk 0:02:40]} Qb6
{[%clk 0:03:07]} 34. Ne4 {[%clk 0:01:23]} Qxb2 {[%clk 0:03:17]} 35. Qc4
{[%clk 0:01:24]} Rxd6 {[%clk 0:03:27]} 36. Re2 {[%clk 0:01:24]} Qb1+
{[%clk 0:03:11]} 37. Kg2 {[%clk 0:01:53]} Re6 {[%clk 0:02:07]} 38. Qd5
{[%clk 0:01:32]} Kg7 {[%clk 0:00:48]} 39. Ng5 {[%clk 0:01:05]} Rxe2
{[%clk 0:00:37]} 40. Qxf7+ {[%clk 0:31:31]} Kh6 {[%clk 0:31:04]} 41. Qf8+
{[%clk 0:25:35]} Bg7 {[%clk 0:27:22]} 42. Qf4 {[%clk 0:19:47]} Rxf2+
{[%clk 0:26:03]} 43. Qxf2 {[%clk 0:19:47]} Qb7+ {[%clk 0:22:52]} 44. Nf3
{[%clk 0:15:12]} Bd4 {[%clk 0:20:41]} 45. Qd2+ {[%clk 0:15:35]} Kg7
{[%clk 0:21:04]} 46. Qf4 {[%clk 0:15:25]} Bf6 {[%clk 0:19:37]} 47. Qa4
{[%clk 0:14:01]} a6 {[%clk 0:17:04]} 48. Qf4 {[%clk 0:13:28]} h5 {[%clk 0:12:06]}
49. h4 {[%clk 0:13:13]} Qc6 {[%clk 0:11:46]} 50. Qc4 {[%clk 0:11:17]} Qb5
{[%clk 0:10:47]} 51. Qe6 {[%clk 0:11:37]} c4 {[%clk 0:10:39]} 52. Ng5
{[%clk 0:11:45]} Qb7+ {[%clk 0:08:00]} 53. Ne4 {[%clk 0:09:22]} Bd4
{[%clk 0:07:57]} 54. Kf3 {[%clk 0:08:17]} c3 {[%clk 0:07:40]} 55. Qd6
{[%clk 0:08:31]} Qf7+ {[%clk 0:06:35]} 56. Kg2 {[%clk 0:08:49]} Qa7
{[%clk 0:05:04]} 57. Qc6 {[%clk 0:08:15]} Qf7 {[%clk 0:04:53]} 58. Qd6
{[%clk 0:08:27]} Bf6 {[%clk 0:04:21]} 59. Qc6 {[%clk 0:08:07]} Qa2+
{[%clk 0:01:39]} 60. Kf3 {[%clk 0:06:48]} Be5 {[%clk 0:01:54]} 61. Ng5
{[%clk 0:06:33]} 1/2-1/2

[Event "European Individual Chess Championship 2017"]
[Site "?"]
[Date "2017.06.09"]
[Round "10.53"]
[White "Sychev, Klementy"]
[Black "Neiksans, Arturs"]
[Result "1/2-1/2"]
[BlackElo "2599"]
[WhiteElo "2459"]
[LiveChessVersion "1.4.8"]

1. d4 {[%clk 1:30:59]} Nf6 {[%clk 1:30:53]} 2. c4 {[%clk 1:31:25]} e6
{[%clk 1:31:16]} 3. Nf3 {[%clk 1:31:52]} b6 {[%clk 1:31:37]} 4. g3
{[%clk 1:32:18]} Ba6 {[%clk 1:31:42]} 5. b3 {[%clk 1:32:43]} Bb4+
{[%clk 1:31:53]} 6. Bd2 {[%clk 1:33:08]} Be7 {[%clk 1:32:15]} 7. Nc3
{[%clk 1:33:34]} d5 {[%clk 1:32:19]} 8. cxd5 {[%clk 1:33:52]} exd5
{[%clk 1:32:41]} 9. Bg2 {[%clk 1:34:18]} O-O {[%clk 1:32:52]} 10. O-O
{[%clk 1:34:41]} Re8 {[%clk 1:32:50]} 11. a3 {[%clk 1:34:52]} Nbd7
{[%clk 1:23:00]} 12. Ne5 {[%clk 1:18:05]} Bb7 {[%clk 1:21:05]} 13. b4
{[%clk 1:09:09]} Bf8 {[%clk 1:00:12]} 14. Nd3 {[%clk 0:58:37]} Ne4
{[%clk 0:58:11]} 15. Rc1 {[%clk 0:56:55]} a5 {[%clk 0:50:32]} 16. Bf4
{[%clk 0:55:53]} c6 {[%clk 0:50:51]} 17. Re1 {[%clk 0:33:45]} axb4
{[%clk 0:49:08]} 18. Nxe4 {[%clk 0:27:57]} dxe4 {[%clk 0:44:30]} 19. Nxb4
{[%clk 0:28:22]} c5 {[%clk 0:37:28]} 20. dxc5 {[%clk 0:28:42]} Bxc5
{[%clk 0:37:28]} 21. Qb3 {[%clk 0:27:21]} Qe7 {[%clk 0:29:54]} 22. Red1
{[%clk 0:26:39]} Nf6 {[%clk 0:27:21]} 23. Be3 {[%clk 0:26:36]} Red8
{[%clk 0:22:03]} 24. Rxd8+ {[%clk 0:15:43]} Rxd8 {[%clk 0:22:24]} 25. Qc3
{[%clk 0:16:01]} Bxe3 {[%clk 0:13:28]} 26. Qxe3 {[%clk 0:16:22]} Qd6
{[%clk 0:13:51]} 27. h3 {[%clk 0:15:17]} h6 {[%clk 0:14:13]} 28. Kh2
{[%clk 0:11:42]} Qd4 {[%clk 0:08:33]} 29. Qxd4 {[%clk 0:10:36]} Rxd4
{[%clk 0:08:59]} 30. e3 {[%clk 0:10:16]} Rd2 {[%clk 0:07:02]} 31. Rc7
{[%clk 0:10:16]} Rd7 {[%clk 0:07:23]} 32. Rc2 {[%clk 0:10:13]} Rd8
{[%clk 0:05:11]} 33. g4 {[%clk 0:09:11]} Kf8 {[%clk 0:05:15]} 34. Kg3
{[%clk 0:08:54]} g5 {[%clk 0:05:28]} 35. Rc3 {[%clk 0:02:23]} Rd1
{[%clk 0:03:03]} 36. Rc7 {[%clk 0:02:26]} Rd7 {[%clk 0:03:28]} 37. Rc1
{[%clk 0:01:48]} Rd8 {[%clk 0:03:30]} 38. Rc7 {[%clk 0:01:10]} Rd7
{[%clk 0:03:08]} 39. Rc4 {[%clk 0:00:53]} Rd6 {[%clk 0:02:00]} 40. Rc7
{[%clk 0:30:41]} Rd7 {[%clk 0:31:46]} 41. Rc3 {[%clk 0:22:02]} Rd6
{[%clk 0:26:46]} 42. Bf1 {[%clk 0:19:47]} Nd5 {[%clk 0:22:10]} 43. Rc4
{[%clk 0:18:14]} Nxb4 {[%clk 0:16:50]} 44. Rxb4 {[%clk 0:18:38]} Ke7
{[%clk 0:17:08]} 45. Bc4 {[%clk 0:15:48]} Kf6 {[%clk 0:10:32]} 46. Bb3
{[%clk 0:14:38]} Kg7 {[%clk 0:07:19]} 47. a4 {[%clk 0:13:30]} Ba8
{[%clk 0:06:15]} 48. Bc2 {[%clk 0:12:52]} Re6 {[%clk 0:06:37]} 49. Bb3
{[%clk 0:08:29]} Rd6 {[%clk 0:07:03]} 50. Bc2 {[%clk 0:04:31]} Re6
{[%clk 0:07:29]} 51. Bb1 {[%clk 0:03:55]} Bd5 {[%clk 0:06:58]} 52. h4
{[%clk 0:03:48]} Kf6 {[%clk 0:06:35]} 53. Bc2 {[%clk 0:03:05]} Ke7
{[%clk 0:05:30]} 54. Bb1 {[%clk 0:01:12]} Kf8 {[%clk 0:04:03]} 55. hxg5
{[%clk 0:00:56]} hxg5 {[%clk 0:04:29]} 56. Rb5 {[%clk 0:01:06]} Rd6
{[%clk 0:04:55]} 57. a5 {[%clk 0:00:48]} bxa5 {[%clk 0:05:16]} 58. Rxa5
{[%clk 0:01:16]} Ke7 {[%clk 0:04:29]} 59. Bc2 {[%clk 0:00:59]} Kf8
{[%clk 0:04:33]} 60. Ra4 {[%clk 0:00:48]} Re6 {[%clk 0:04:57]} 61. Rd4
{[%clk 0:01:01]} Re5 {[%clk 0:05:14]} 62. Rb4 {[%clk 0:01:25]} Re6
{[%clk 0:05:37]} 63. Rb5 {[%clk 0:01:29]} Rd6 {[%clk 0:05:59]} 64. Rc5
{[%clk 0:01:36]} Ke7 {[%clk 0:06:00]} 65. Rb5 {[%clk 0:01:56]} 1/2-1/2

[Event "European Individual Chess Championship 2017"]
[Site "?"]
[Date "2017.06.09"]
[Round "10.54"]
[White "Indjic, Aleksandar"]
[Black "Davtyan, Artur"]
[Result "1-0"]
[BlackElo "2216"]
[WhiteElo "2587"]
[LiveChessVersion "1.4.8"]

1. d4 {[%clk 1:23:57]} d5 {[%clk 1:30:48]} 2. c4 {[%clk 1:24:12]} e6
{[%clk 1:30:57]} 3. Nf3 {[%clk 1:23:39]} Nf6 {[%clk 1:31:03]} 4. Nc3
{[%clk 1:22:47]} Be7 {[%clk 1:31:16]} 5. Bg5 {[%clk 1:21:39]} h6 {[%clk 1:31:29]}
6. Bxf6 {[%clk 1:18:31]} Bxf6 {[%clk 1:31:55]} 7. e3 {[%clk 1:17:53]} O-O
{[%clk 1:31:28]} 8. Rc1 {[%clk 1:16:47]} c6 {[%clk 1:31:45]} 9. Bd3
{[%clk 1:17:05]} Nd7 {[%clk 1:31:26]} 10. O-O {[%clk 1:16:59]} dxc4
{[%clk 1:15:52]} 11. Bxc4 {[%clk 1:17:16]} e5 {[%clk 1:16:09]} 12. h3
{[%clk 1:04:18]} exd4 {[%clk 1:15:10]} 13. exd4 {[%clk 1:04:40]} Nb6
{[%clk 1:08:53]} 14. Bb3 {[%clk 1:04:55]} Bf5 {[%clk 0:57:26]} 15. Re1
{[%clk 1:02:16]} Re8 {[%clk 0:53:15]} 16. Rxe8+ {[%clk 1:01:05]} Qxe8
{[%clk 0:53:42]} 17. Qd2 {[%clk 1:01:23]} Qd7 {[%clk 0:53:17]} 18. Re1
{[%clk 1:01:29]} Rd8 {[%clk 0:36:10]} 19. Qf4 {[%clk 0:56:03]} Nd5
{[%clk 0:24:35]} 20. Nxd5 {[%clk 0:49:56]} cxd5 {[%clk 0:25:03]} 21. Ne5
{[%clk 0:50:06]} Qe6 {[%clk 0:21:04]} 22. h4 {[%clk 0:50:22]} Bh7
{[%clk 0:20:35]} 23. Nf3 {[%clk 0:49:53]} Qb6 {[%clk 0:14:58]} 24. Bxd5
{[%clk 0:46:29]} Bg6 {[%clk 0:15:26]} 25. Bb3 {[%clk 0:43:20]} Bxd4
{[%clk 0:14:32]} 26. Ne5 {[%clk 0:42:42]} Bxe5 {[%clk 0:14:42]} 27. Rxe5
{[%clk 0:43:04]} Qd6 {[%clk 0:08:21]} 28. Qe3 {[%clk 0:42:34]} h5
{[%clk 0:08:49]} 29. Rd5 {[%clk 0:41:24]} Qc7 {[%clk 0:09:00]} 30. Rxd8+
{[%clk 0:41:26]} Qxd8 {[%clk 0:09:28]} 31. Qxa7 {[%clk 0:41:54]} Qd2
{[%clk 0:06:44]} 32. Qb8+ {[%clk 0:38:58]} Kh7 {[%clk 0:07:10]} 33. Qe5
{[%clk 0:39:14]} Qc1+ {[%clk 0:03:28]} 34. Kh2 {[%clk 0:39:30]} Qd2
{[%clk 0:03:49]} 35. Kg3 {[%clk 0:29:27]} f6 {[%clk 0:03:50]} 36. Qc3
{[%clk 0:26:33]} Qd6+ {[%clk 0:04:18]} 37. f4 {[%clk 0:26:49]} Qd7
{[%clk 0:00:58]} 38. Qf3 {[%clk 0:23:47]} Qd2 {[%clk 0:00:40]} 39. Qf2
{[%clk 0:21:20]} Qd3+ {[%clk 0:01:07]} 40. Kh2 {[%clk 0:51:40]} Bf5
{[%clk 0:31:27]} 41. Qf3 {[%clk 0:51:04]} Qxf3 {[%clk 0:25:22]} 42. gxf3
{[%clk 0:49:35]} Bd7 {[%clk 0:24:09]} 43. Bf7 {[%clk 0:48:44]} Kh6
{[%clk 0:20:02]} 44. Kg3 {[%clk 0:49:05]} b6 {[%clk 0:19:35]} 45. a3
{[%clk 0:48:58]} g6 {[%clk 0:08:55]} 46. Bd5 {[%clk 0:46:17]} Kg7
{[%clk 0:06:32]} 47. Kf2 {[%clk 0:46:20]} Be8 {[%clk 0:05:42]} 48. Ke3
{[%clk 0:46:12]} Kh6 {[%clk 0:02:41]} 49. Kd4 {[%clk 0:41:48]} Bd7
{[%clk 0:01:06]} 50. Be4 {[%clk 0:42:02]} Bc8 {[%clk 0:00:42]} 51. Kd5
{[%clk 0:39:50]} g5 {[%clk 0:00:34]} 52. fxg5+ {[%clk 0:40:02]} fxg5
{[%clk 0:01:02]} 53. hxg5+ {[%clk 0:40:01]} Kxg5 {[%clk 0:01:29]} 54. Ke5
{[%clk 0:40:19]} h4 {[%clk 0:01:40]} 55. f4+ {[%clk 0:40:14]} Kh6
{[%clk 0:02:06]} 56. Kd6 {[%clk 0:37:49]} h3 {[%clk 0:00:47]} 57. Kc7
{[%clk 0:38:11]} Ba6 {[%clk 0:00:45]} 58. Kxb6 {[%clk 0:38:28]} Bf1
{[%clk 0:00:57]} 59. Bf5 {[%clk 0:38:51]} h2 {[%clk 0:01:19]} 60. Be4
{[%clk 0:39:07]} Kh5 {[%clk 0:01:23]} 61. a4 {[%clk 0:38:44]} Kg4
{[%clk 0:01:33]} 62. a5 {[%clk 0:38:58]} Kxf4 {[%clk 0:01:49]} 63. Bh1
{[%clk 0:39:22]} Kg3 {[%clk 0:00:40]} 64. a6 {[%clk 0:39:46]} 1-0